000 00891cab a2200265 4500
001 ABS48926
008 090401t1993 xxu||||| |||| 00| 0 eng d
035 _a(Sirsi) u69156
041 _aeng
100 _aRiley, M.
245 _aProperty lending survey 1993
260 _c1993
350 _a0
490 _aJournal of Property Finance
_v4(1) 1993, 43-48(6)
520 _aAnalyses the results of a survey into the state of British banking, observing the £3bn fall in property debt, but noting also the ominously reduced forecasts for bank spending and consequent credit restriction.
650 _a1992
650 _aBANK LENDING
650 _aPROPERTY LENDING
650 _aSTATISTICS
690 _aPROPERTY-COMMERCIAL PROPERTY-COMMERCIAL PROPERTY FINANCE AND INVESTMENT
690 _aFINANCE AND INVESTMENT
700 _aIsaac, D.
942 _n0
948 _c04/03/1997
999 _c43439
_d43439